000
00297pab a2200121 454500
008
180718b xxu||||| |||| 00| 0 eng d
100
_a
Parameswaran T.V.
245
_a
Political economic liberalism
362
_a
27 Oct 93, p.4
650
_a
Economic Development
773
_a
Patriot
909
_a
25795
999
_c
25795
_d
25795